| 000 | 00458nam a2200169Ia 4500 | ||
|---|---|---|---|
| 008 | 230917s9999||||xx |||||||||||||| ||und|| | ||
| 020 | _cRS1495 | ||
| 040 |
_e231824 _aMAIN |
||
| 041 | _aEnglish | ||
| 082 | _a615.18 Y83S | ||
| 100 | _aYoshioka, Sumie | ||
| 245 | 0 | _aStability of drugs and dosage forms | |
| 260 |
_aNew Delhi _bSpringer (India) _c2009 |
||
| 300 | _ax, 268 p. | ||
| 500 | _a2281 08/02/2016 RBP15/50281 26/02/2016 Main Budget | ||
| 942 | _cBK | ||
| 999 |
_c18118 _d18118 |
||